[Event "Perth op-B"]
[Site "Perth"]
[Date "2023.04.22"]
[Round "3"]
[White "Watson Mcfie, Joseph"]
[Black "Wood, Ryan"]
[Result "1-0"]
[WhiteElo "1624"]
[BlackElo "1183"]
[PlyCount "63"]
[EventDate "2023.04.21"]
[EventType "swiss"]
[EventRounds "5"]
[EventCountry "SCO"]
[SourceTitle "EXT 2024"]
[Source "ChessBase"]
[SourceDate "2023.10.10"]
[SourceVersion "1"]
[SourceVersionDate "2023.10.10"]
[SourceQuality "1"]

1. e4 c6 2. d4 d5 3. f3 dxe4 4. fxe4 e5 5. Nf3 Bg4 6. Bc4 Qxd4 7. Bxf7+ Ke7 8. Qxd4 exd4 9. Bxg8 Rxg8 10. Nxd4 Ke8 11. h3 Bh5 12. Ne6 Bd6 13. Bf4 Kd7 14. Bxd6 Kxe6 15. Bh2 Bg6 16. Nd2 Nd7 17. 0-0-0 Nc5 18. Bd6 Nd7 19. Nf3 h6 20. e5 c5 21. Rhe1 Rac8 22. g4 Nb6 23. Nh4 Bh7 24. Ng2 g5 25. Rf1 Nd7 26. Ne3 Rg7 27. Nc4 Be4 28. Rde1 Bd5 29. Ne3 Rf7 30. Rxf7 Kxf7 31. Nxd5 Ke6 32. Nc7+ 1-0